[Event "Ch France (open) (a)"]
[Site "masterchessopen.com Val d'Isere (France)"]
[Round "8"]
[White "Medghoul Sherif (FRA)"]
[Black "Flament Frederic (FRA)"]
[Result "1-0"]
[WhiteElo "2177"]
[BlackElo "2129"]

1.d4 Nf6 2.c4 e6 3.Nc3 Bb4 4.e3 b6 5.Ne2 Ba6 6.a3 Be7 7.Nf4 d5 8.cxd5 Bxf1
9.Kxf1 exd5 10.Qf3 c6 11.g4 O-O 12.Kg2 Na6 13.Nd3 Rc8 14.Ne5 Bd6 15.Qe2 Nb8
16.f4 Qc7 17.Bd2 Rfd8 18.Be1 Ne8 19.Nf3 Qb7 20.Bh4 Be7 21.Bxe7 Qxe7 22.Rad1
Nd6 23.Nd2 Re8 24.Rhe1 Qf6 25.Qf3 Rcd8 26.Rc1 Re7 27.Qf2 Rde8 28.Nf3 Ne4
29.Nxe4 Rxe4 30.Ne5 Qe6 31.Kf3 f6 32.Nd3 h5 33.h3 Kf7 34.f5 hxg4+ 35.hxg4 Qd6
36.Nf4 Nd7 37.Qh4 Nf8 38.Qh8 c5 39.Nh5 Ke7 40.Qxg7+ Kd8 41.Qxf6+ Qe7 42.Qxe7+
Kxe7 43.Ng3 {#r} 1-0

[Event "Ch Iceland (team) 2004/05"]
[Site "masterchessopen.com Reykjavik (Iceland)"]
[Date "2004.11.20"]
[Round "2"]
[White "Votava Jan (CZE)"]
[Black "Teitsson Magnus (ISL)"]
[Result "1-0"]
[WhiteElo "2505"]
[BlackElo "2205"]

1.d4 Nf6 2.c4 e6 3.Nc3 Bb4 4.e3 b6 5.Ne2 Ba6 6.a3 Be7 7.Nf4 d5 8.b3 O-O 9.Be2
Bd6 10.O-O c6 11.Bb2 Nbd7 12.g3 Rc8 13.Qd2 Bb7 14.Rfd1 Qe7 15.Bf3 Rfd8 16.Bg2
Ba6 17.cxd5 exd5 18.Re1 Re8 19.e4 dxe4 20.Nxe4 Bxf4 21.Qxf4 Nxe4 22.Bxe4 Qf6
23.Qf5 Nf8 24.Qxf6 gxf6 25.d5 cxd5 26.Bxd5 Kg7 27.h4 Nd7 28.Rxe8 Rxe8 29.Bc3
Nc5 30.b4 Rd8 31.Bg2 Rd3 32.Bxf6+ Kxf6 33.bxc5 bxc5 34.Be4 Rd2 35.Bxh7 Bb7
36.Re1 Ra2 37.g4 Rxa3 38.g5+ Kg7 39.Bf5 Rf3 40.Re5 Rf4 41.h5 Rh4 42.h6+ Kf8
43.f3 f6 44.g6 Rxh6 45.g7+ Kxg7 46.Re7+ {#r} 1-0

[Event "It (open)"]
[Site "masterchessopen.com Ardennes (France)"]
[Round "5"]
[White "Delmont Jean-Robert (FRA)"]
[Black "Piermee Emilien (FRA)"]
[Result "0-1"]
[WhiteElo "2042"]
[BlackElo "2121"]

1.d4 Nf6 2.c4 e6 3.Nc3 Bb4 4.e3 b6 5.Ne2 Ba6 6.a3 Be7 7.Ng3 d5 8.Qa4+ c6
9.cxd5 Bxf1 10.dxc6 b5 11.Nxb5 Bxb5 12.Qxb5 Qb6 13.c7+ Qxb5 14.c8=Q+ Bd8
15.Qc5 Qxc5 16.dxc5 Be7 17.b4 a5 18.Rb1 Nc6 19.Bd2 Rb8 20.Ke2 axb4 21.axb4 Rb5
22.Ra1 O-O 23.Ra4 Rfb8 24.Rha1 h6 25.Kd3 Nd5 26.Ne4 Ndxb4+ 27.Bxb4 Nxb4+
28.Kc4 Nc6 29.Nd6 Rb4+ 30.Rxb4 Rxb4+ 31.Kd3 Bxd6 32.cxd6 Ne5+ 33.Kc2 Rc4+
34.Kb3 Rc6 35.Ra8+ Kh7 36.Rd8 Kg6 37.h3 f6 38.h4 Nf7 39.h5+ Kh7 40.Rd7 Nxd6
41.f3 Nf5 {#R} 0-1

[Event "Tournament (Gr.1)"]
[Site "masterchessopen.com Bielefeld (Germany)"]
[Date "2005.05.13"]
[Round "1"]
[White "Schwarzenberg Josef (GER)"]
[Black "Rapatinski Konstantin (GER)"]
[Result "0-1"]
[WhiteElo "2185"]
[BlackElo "2185"]

1.d4 Nf6 2.c4 e6 3.Nc3 Bb4 4.e3 b6 5.Ne2 Ba6 6.a3 Bxc3+ 7.Nxc3 d5 8.b3 O-O
9.Bd3 Nc6 10.cxd5 Bxd3 11.Qxd3 exd5 12.O-O Re8 13.Bb2 Na5 14.Ne2 Qe7 15.Ng3
Rad8 16.Rac1 c6 17.Rfe1 Ne4 18.Nxe4 Qxe4 19.Qxe4 Rxe4 20.Rc3 f5 21.g3 g5
22.Bc1 g4 23.Rd3 Rd6 24.Bd2 Nb7 25.Kg2 Rh6 26.Rh1 Rh3 27.a4 Re6 28.Bb4 a6
29.Rc3 Kf7 30.Rhc1 Nd8 31.a5 b5 32.Bc5 Reh6 33.Rh1 Ke8 34.Bb6 Ne6 35.Rxc6 Nf4+
36.gxf4 Rxc6 37.Bc5 b4 38.Rb1 Kd7 39.Bxb4 Rc2 40.Bc5 Rxe3 41.b4 Rf3 42.b5
Rfxf2+ 43.Kg1 Rg2+ 44.Kf1 Rcf2+ 45.Ke1 Rxh2 46.bxa6 Ra2 {#R} 0-1

[Event "Tournament (Gr.1)"]
[Site "masterchessopen.com Bielefeld (Germany)"]
[Date "2005.05.15"]
[Round "4"]
[White "Henrich Holger (GER)"]
[Black "Rapatinski Konstantin (GER)"]
[Result "0-1"]
[WhiteElo "2185"]
[BlackElo "2185"]

1.d4 Nf6 2.c4 e6 3.Nc3 Bb4 4.e3 b6 5.Ne2 Ba6 6.a3 Bxc3+ 7.Nxc3 d5 8.Qf3 O-O
9.g4 Bb7 10.Bd3 Nbd7 11.g5 Ne4 12.Rg1 f5 13.Qh5 Qe7 14.Ne2 e5 15.f3 Nd6
16.cxd5 Bxd5 17.g6 hxg6 18.Qxg6 Bxf3 19.Ng3 Qh4 20.Kf1 Rf6 21.Qxg7+ Kxg7
22.Nxf5+ Kf7 23.Nxh4 Be4+ 24.Ke2 Bxd3+ 25.Kxd3 Rh8 26.Ng2 Rf2 27.e4 Rg8 28.Bd2
Rgxg2 29.Rxg2 Rxg2 30.Rc1 c5 31.dxc5 Nxc5+ {#R} 0-1

[Event "Ch Germany (open) (under 25)"]
[Site "masterchessopen.com Willingen (Germany)"]
[Date "2005.05.17"]
[Round "6"]
[White "Krensing Jan (GER)"]
[Black "Braun Vitali (GER)"]
[Result "0-1"]
[WhiteElo "2253"]
[BlackElo "2258"]

1.d4 Nf6 2.c4 e6 3.Nc3 Bb4 4.e3 b6 5.Ne2 Ba6 6.a3 Bxc3+ 7.Nxc3 d5 8.b3 O-O
9.Be2 Nc6 10.O-O dxc4 11.b4 Nd5 12.Bd2 b5 13.e4 Nxc3 14.Bxc3 Bb7 15.Qd2 Ne7
16.Qe3 Qd6 17.f3 a6 18.Bd1 Qb6 19.Bc2 Rad8 20.Rfe1 Rd7 21.Rad1 Rfd8 22.f4 f6
23.Kf1 Nc6 24.e5 f5 25.g4 Nxd4 26.Rxd4 Rxd4 27.gxf5 Qc6 {#R} 0-1

[Event "Ch Bulgaria"]
[Site "masterchessopen.com Pleven (Bulgaria)"]
[Date "2005.05.23"]
[Round "1"]
[White "Petkov Vladimir (BUL)"]
[Black "Rusev Krasimir (BUL)"]
[Result "1-0"]
[WhiteElo "2529"]
[BlackElo "2434"]

1.d4 Nf6 2.c4 e6 3.Nc3 Bb4 4.e3 b6 5.Ne2 Ba6 6.a3 Bxc3+ 7.Nxc3 d5 8.b3 O-O
9.Be2 Nc6 10.O-O dxc4 11.b4 Nd5 12.Bb2 Qd6 13.Qa4 Nxc3 14.Bxc3 b5 15.Qc2 Bb7
16.Bf3 Rab8 17.Rad1 Ne7 18.e4 Rbd8 19.Qb2 Ng6 20.g3 Qe7 21.Rfe1 f5 22.d5 f4
23.Bg4 e5 24.Be6+ Kh8 25.Bxe5 Bc8 26.Bd4 Bxe6 27.dxe6 Rd6 28.e5 Rd5 29.Bc5
Qxe6 30.Bxf8 f3 31.Rxd5 Qh3 32.Bxg7+ Kg8 33.Rd8+ Kxg7 34.e6+ Kh6 35.Qd2+ Kg7
36.Qc3+ {#r} 1-0

[Event "It (open) \"]
[Site "masterchessopen.com St.Petersburg (Russia)"]
[Date "2005.06.19"]
[Round "2"]
[White "Gavrilov Oleg (RUS)"]
[Black "Malakhov Igor (RUS)"]
[Result "1-0"]
[WhiteElo "2330"]
[BlackElo "2177"]

1.c4 Nf6 2.Nc3 e6 3.d4 Bb4 4.e3 b6 5.Ne2 Ba6 6.Qb3 Nc6 7.Ng3 d5 8.cxd5 Bxf1
9.dxc6 Bxg2 10.Qxb4 Bxh1 11.Nxh1 Nd5 12.Qc4 Nxc3 13.bxc3 Qh4 14.Ba3 Qxh2
15.Ng3 Qg1+ 16.Nf1 Qg2 17.Rd1 Qd5 18.Qb4 Kd8 19.Qa4 b5 20.Qa6 f5 21.Bc5 Qc4
22.Bb4 Qd5 23.a4 h5 24.Qb7 Rc8 25.axb5 h4 26.Ra1 h3 27.Rxa7 e5 28.Qxc8+ {#r}
1-0

[Event "It (open) \"]
[Site "masterchessopen.com St.Petersburg (Russia)"]
[Date "2005.06.23"]
[Round "6"]
[White "Zalazaev Evgeny (RUS)"]
[Black "Malakhov Igor (RUS)"]
[Result "0-1"]
[WhiteElo "1928"]
[BlackElo "2177"]

1.d4 Nf6 2.c4 e6 3.Nc3 Bb4 4.e3 b6 5.Ne2 Ba6 6.a3 Be7 7.Ng3 d5 8.cxd5 Bxf1
9.Nxf1 exd5 10.Ng3 O-O 11.O-O Re8 12.Qf3 c6 13.Rd1 Bd6 14.Bd2 Bxg3 15.Qxg3 Ne4
16.Nxe4 Rxe4 17.Rac1 Re6 18.f3 f5 19.b4 a6 20.Rc3 Nd7 21.Rdc1 Rc8 22.a4 b5
23.axb5 axb5 24.Ra1 Nb6 25.Qf4 Qf8 26.Rb3 Nc4 27.Bc1 Rce8 28.Kf2 Qf6 29.h4 h6
30.Qg3 Nxe3 31.Bxe3 Rxe3 32.Rxe3 Qxd4 33.Re1 Rxe3 34.Kf1 f4 35.Qf2 Qd3+ 36.Kg1
Rxe1+ {#R} 0-1

[Event "Ch Europe"]
[Site "masterchessopen.com Warsaw (Poland)"]
[Date "2005.06.26"]
[Round "8"]
[White "Kharlov Andrei (RUS)"]
[Black "Zaja Ivan (CRO)"]
[Result "1-0"]
[WhiteElo "2571"]
[BlackElo "2466"]

1.d4 Nf6 2.c4 e6 3.Nc3 Bb4 4.e3 b6 5.Ne2 Ba6 6.a3 Be7 7.Nf4 d5 8.cxd5 Bxf1
9.dxe6 Ba6 10.exf7+ Kxf7 11.e4 c5 12.e5 Qxd4 13.e6+ Kg8 14.Qf3 Nc6 15.Qxc6 Rd8
16.Be3 Qe5 17.Qa4 g5 18.Nh3 g4 19.Ng5 Nd5 20.O-O-O Nxe3 21.Rxd8+ Kg7 22.Rd7
{#r} 1-0

[Event "It \"]
[Site "masterchessopen.com Philadelphia (USA)"]
[Date "2005.06.30"]
[Round "1"]
[White "Mohota Nisha (IND)"]
[Black "Mabe Chris J (USA)"]
[Result "1-0"]
[WhiteElo "2318"]
[BlackElo "2192"]

1.d4 e6 2.c4 Nf6 3.Nc3 Bb4 4.e3 b6 5.Ne2 Ba6 6.a3 Bxc3+ 7.Nxc3 d5 8.b3 O-O
9.Be2 Nc6 10.a4 dxc4 11.bxc4 Na5 12.Nb5 c6 13.Na3 c5 14.Nb5 Qd7 15.Ba3 Rfd8
16.dxc5 Qc6 17.Nd4 Qc8 18.Qc2 bxc5 19.Nb5 Bb7 20.f3 a6 21.Nc3 Qc7 22.Kf2 Rd7
23.g3 Qe5 24.Rhd1 Qh5 25.h4 Rad8 26.Rxd7 Rxd7 27.Rd1 Nxc4 28.Qb3 Na5 29.Qb6
Rxd1 30.Bxd1 g5 31.Qxc5 {#r} 1-0

[Event "It (open)"]
[Site "masterchessopen.com Guelph (Canada)"]
[Date "2005.07.01"]
[Round "9"]
[White "Zugic Igor (CAN)"]
[Black "Burnett Ronald (USA)"]
[Result "1-0"]
[WhiteElo "2462"]
[BlackElo "2388"]

1.d4 Nf6 2.c4 e6 3.Nc3 Bb4 4.e3 b6 5.Ne2 Ba6 6.a3 Bxc3+ 7.Nxc3 d5 8.b3 O-O
9.a4 Nc6 10.Ba3 Re8 11.Rc1 e5 12.dxe5 Rxe5 13.Nb5 Ne4 14.cxd5 Nxf2 15.Kxf2
Rxd5 16.Qe1 Ne5 17.Kg1 c6 18.Nc3 Bxf1 19.Nxd5 Qxd5 20.Kxf1 Nd3 21.Qd2 Rd8
22.Rc3 Qf5+ 23.Kg1 Rd5 24.Qe2 Qd7 25.h3 Ne5 26.e4 Rd2 27.Qe3 c5 28.Bc1 {#r}
1-0

[Event "It (open)"]
[Site "masterchessopen.com Brno (Czech Republic)"]
[Date "2005.07.07"]
[Round "6"]
[White "Kuchynka Lubos (CZE)"]
[Black "Paral Stanislav (CZE)"]
[Result "1-0"]
[WhiteElo "2026"]
[BlackElo "2093"]

1.d4 Nf6 2.c4 e6 3.Nc3 Bb4 4.e3 b6 5.Ne2 Ba6 6.a3 Bxc3+ 7.Nxc3 Nc6 8.b4 Bb7
9.Bd3 d5 10.O-O dxc4 11.Bxc4 O-O 12.Bb2 Ne7 13.Qe2 Ned5 14.Nxd5 exd5 15.Bd3
Qd6 16.f3 Rae8 17.Rae1 Re7 18.Qc2 h5 19.e4 dxe4 20.fxe4 Ng4 21.e5 Qh6 22.Bc1
Qe6 23.Bg5 f6 24.h3 Rd8 25.exf6 Qd6 26.Bc4+ Kh8 27.hxg4 Rxe1 28.fxg7+ Kxg7
29.Rxe1 Qxd4+ 30.Kh1 Rd7 31.Qf5 Bc6 32.Bh6+ Kxh6 33.Re6+ {#r} 1-0

[Event "It (open)"]
[Site "masterchessopen.com Balaguer (Spain)"]
[Date "2005.07.19"]
[Round "2"]
[White "Garcia Vicente Nieves (ESP)"]
[Black "Oms Pallise Josep (AND)"]
[Result "0-1"]
[WhiteElo "2192"]
[BlackElo "2481"]

1.d4 Nf6 2.c4 e6 3.Nc3 Bb4 4.e3 b6 5.Ne2 Ba6 6.a3 Be7 7.Nf4 d5 8.cxd5 Bxf1
9.Kxf1 exd5 10.Qf3 c6 11.g4 O-O 12.g5 Ne4 13.Nxe4 dxe4 14.Qxe4 Bxg5 15.Rg1 Re8
16.Qg2 Bh6 17.Bd2 g6 18.Ne2 Qd7 19.h4 Na6 20.h5 Nc5 21.Rh1 Bg7 22.hxg6 hxg6
23.Bb4 Ne4 24.Rh4 Nd6 25.Rh1 a5 26.Be1 Nf5 27.Qh3 Re4 28.Nc3 Rg4 29.Rd1 Re8
30.Bd2 Qc8 31.Bc1 Qa6+ 32.Ne2 Rxd4 33.exd4 Qxe2+ 34.Kg2 Re4 35.Qh7+ Kf8
36.Rhe1 Rg4+ {#R} 0-1

[Event "Ch World (juniors) (under 14)"]
[Site "masterchessopen.com Belfort (France)"]
[Date "2005.07.21"]
[Round "3"]
[White "Utegaliev A (KAZ)"]
[Black "Azemati Amir (IRI)"]
[Result "1-0"]
[WhiteElo "2231"]
[BlackElo "2132"]

1.d4 Nf6 2.c4 e6 3.Nc3 Bb4 4.e3 b6 5.Ne2 Ba6 6.a3 Bxc3+ 7.Nxc3 d5 8.b3 O-O
9.Be2 Nbd7 10.O-O c5 11.cxd5 Bxe2 12.Qxe2 exd5 13.Rd1 Qb8 14.Rb1 Rd8 15.dxc5
Nxc5 16.Nb5 a6 17.Nd4 Qb7 18.Bb2 Rac8 19.Nf5 Nfe4 20.Rbc1 Nd7 21.Rxc8 Rxc8
22.Rxd5 {#r} 1-0

[Event "It (open) (a)"]
[Site "masterchessopen.com Pardubice (Czech Republic)"]
[Date "2005.07.22"]
[Round "1"]
[White "Paterek Michal (POL)"]
[Black "Cvek Robert (CZE)"]
[Result "0-1"]
[WhiteElo "2235"]
[BlackElo "2483"]

1.d4 Nf6 2.c4 e6 3.Nc3 Bb4 4.e3 b6 5.Ne2 Ba6 6.a3 Bxc3+ 7.Nxc3 d5 8.b3 O-O
9.Bd3 dxc4 10.bxc4 Nc6 11.a4 Qd7 12.Ba3 Rfd8 13.Qe2 Nxd4 14.exd4 Qxd4 15.Bb2
Qxd3 16.Qxd3 Rxd3 17.Nb5 {#R} 0-1

[Event "It (open) (a)"]
[Site "masterchessopen.com Pardubice (Czech Republic)"]
[Date "2005.07.23"]
[Round "2"]
[White "Rendboe John (DEN)"]
[Black "Sechting Martin (GER)"]
[Result "1-0"]
[WhiteElo "2245"]
[BlackElo "2089"]

1.d4 Nf6 2.c4 e6 3.Nc3 Bb4 4.e3 b6 5.Ne2 Ba6 6.a3 Be7 7.Nf4 d5 8.cxd5 Bxf1
9.Kxf1 exd5 10.g4 c6 11.g5 Ne4 12.Nxe4 dxe4 13.h4 g6 14.Qc2 h6 15.gxh6 Rxh6
16.Qxe4 Qd7 17.Bd2 Na6 18.Rc1 Rc8 19.Nd3 f5 20.Qe5 c5 21.Qg7 Bg5 22.Qg8+ Ke7
23.Qg7+ Kd8 24.Qxd7+ Kxd7 25.dxc5 bxc5 26.b4 c4 27.Ne5+ Ke6 28.Nf3 Bf6 29.Bc3
Be7 30.Bd4 Rc7 31.Ke2 Nb8 32.Be5 Bd6 33.Bxd6 Kxd6 34.Rhd1+ Ke7 35.Rd4 c3
36.Rd3 c2 37.Kd2 Nd7 38.Rc3 Rxc3 39.Kxc3 Nf6 40.Rxc2 Ne4+ 41.Kd4 Nd6 42.a4 Rh8
43.Rc7+ Ke6 44.Ng5+ Kf6 45.Kd5 Rxh4 46.f4 a5 47.Kxd6 {#r} 1-0

[Event "It (open)"]
[Site "masterchessopen.com Avoine (France)"]
[Date "2005.07.30"]
[Round "8"]
[White "Ollier Pablo (FRA)"]
[Black "Rihouay Clement (FRA)"]
[Result "0-1"]
[WhiteElo "1970"]
[BlackElo "2172"]

1.d4 Nf6 2.c4 e6 3.Nc3 Bb4 4.e3 b6 5.Ne2 Ba6 6.Ng3 O-O 7.e4 d5 8.Bg5 h6 9.Bxf6
Qxf6 10.e5 Qd8 11.Qa4 c5 12.Rd1 dxc4 13.dxc5 Bxc3+ 14.bxc3 Qg5 15.Bxc4 Qxe5+
16.Ne2 Bb7 17.O-O Qxc5 18.Rfe1 Nc6 19.Nd4 Nxd4 20.Rxd4 Rac8 21.Rg4 Qc6 22.Bb5
Qxc3 23.Rd1 Rfd8 24.Rxd8+ Rxd8 25.h3 Qe1+ 26.Bf1 h5 27.Rg5 Rd1 28.Qe8+ Kh7
29.Qxf7 Qxf1+ 30.Kh2 Qh1+ 31.Kg3 Qxg2+ 32.Kh4 Rd4+ 33.f4 Qf2+ 34.Kxh5 Bf3+
35.Rg4 Rd5+ {#R} 0-1

[Event "It (cat.8)"]
[Site "masterchessopen.com Alushta (Ukraine)"]
[Date "2005.09.07"]
[Round "6"]
[White "Truskavetsky Alexandr (UKR)"]
[Black "Obukhov Alexander (RUS)"]
[Result "0-1"]
[WhiteElo "2409"]
[BlackElo "2528"]

1.d4 Nf6 2.c4 e6 3.Nc3 Bb4 4.e3 b6 5.Ne2 Ba6 6.a3 Bxc3+ 7.Nxc3 d5 8.b3 O-O
9.Be2 Nc6 10.O-O dxc4 11.Bxc4 Bxc4 12.bxc4 Na5 13.Qd3 c5 14.d5 Ne8 15.e4 Nd6
16.Qg3 Ndxc4 17.Bg5 Qb8 18.Bf4 Qb7 19.Bh6 f6 20.dxe6 Rae8 21.Rad1 Rxe6 22.Bf4
Nc6 23.Rd5 Nd4 24.Re1 Nxa3 25.Bc7 Qc6 26.Bf4 Nab5 27.Bh6 Re7 28.Bd2 Nxc3
29.Bxc3 Qxd5 {#R} 0-1

[Event "Ch Croatia (team)"]
[Site "masterchessopen.com Sibenik (Croatia)"]
[Date "2005.10.05"]
[Round "6"]
[White "Jovanic Ognjen (CRO)"]
[Black "Zaja Ivan (CRO)"]
[Result "1-0"]
[WhiteElo "2469"]
[BlackElo "2466"]

1.d4 Nf6 2.c4 e6 3.Nc3 Bb4 4.e3 b6 5.Ne2 Ba6 6.a3 Bxc3+ 7.Nxc3 d5 8.Qf3 c6
9.b3 O-O 10.Bb2 Ne8 11.Bd3 Nd6 12.Qe2 f5 13.O-O Nd7 14.f3 Nf6 15.Rad1 Qd7
16.a4 Rfe8 17.Rfe1 Rac8 18.cxd5 Bxd3 19.dxc6 Bxe2 20.cxd7 Bxd1 21.dxe8=Q+
Nfxe8 22.Rxd1 b5 23.axb5 Rb8 24.d5 exd5 25.Rxd5 Kf7 26.e4 Ke6 27.Rc5 fxe4
28.fxe4 Nf6 29.e5 Nd7 30.Rc6 Nxe5 31.Ra6 Nd3 32.Ba3 Rb6 33.Kf1 g5 34.g3 h5
35.Ke2 Ne5 36.Bc5 Rxa6 37.bxa6 Nc8 38.b4 Nc6 39.b5 Ne5 40.Bxa7 Nxa7 41.b6 Nec6
42.bxa7 Nxa7 43.Ke3 Ke5 44.h3 Nc6 45.Nb5 h4 46.gxh4 {#r} 1-0

[Event "Ch Ukraine (juniors) (under 16)"]
[Site "masterchessopen.com Kiev (Ukraine)"]
[Date "2006.02.16"]
[Round "1"]
[White "Kutsykh Mikle (UKR)"]
[Black "Golichenko Ilija (UKR)"]
[Result "0-1"]
[WhiteElo "2199"]
[BlackElo "2292"]

1.d4 Nf6 2.c4 e6 3.Nc3 Bb4 4.e3 b6 5.Ne2 Ba6 6.a3 Be7 7.b3 d5 8.Nf4 O-O 9.Bd3
dxc4 10.bxc4 c5 11.O-O cxd4 12.exd4 Nc6 13.Nfe2 e5 14.Be3 g6 15.Nd5 exd4
16.Nxe7+ Qxe7 17.Nxd4 Ne5 18.Re1 Nfg4 19.h3 Nxe3 20.Rxe3 Qf6 21.Rc1 Rad8
22.Rxe5 Qxe5 23.Nc6 Qf4 24.Nxd8 Rxd8 25.g3 Qh6 26.Rc3 Qxh3 27.Qf1 Qe6 28.Qe2
Qf6 29.Rc1 Bb7 30.Re1 Bf3 31.Qe3 h5 {#R} 0-1

[Event "Ch South America (juniors) (under 20)"]
[Site "masterchessopen.com San Luis (Argentina)"]
[Date "2006.02.22"]
[Round "1"]
[White "Pereyra Juan (ARG)"]
[Black "Santarelli Luis (ARG)"]
[Result "0-1"]
[WhiteElo "2170"]
[BlackElo "2092"]

1.d4 Nf6 2.c4 e6 3.Nc3 Bb4 4.e3 b6 5.Ne2 Ba6 6.Ng3 O-O 7.e4 d6 8.Be2 e5 9.O-O
exd4 10.Nd5 Nxd5 11.exd5 c5 12.Bd3 Nd7 13.Qh5 g6 14.Qh6 f5 15.Bg5 Qe8 16.a3
Ba5 17.b4 cxb4 18.Rae1 Ne5 19.f4 Nxd3 20.Rxe8 Raxe8 21.axb4 Bxb4 22.h4 Re3
23.Rf3 Rxf3 24.gxf3 Ne1 25.h5 Nxf3+ 26.Kf2 Nh2 {#R} 0-1

[Event "It (cat.5)"]
[Site "masterchessopen.com Nancy (France)"]
[Date "2006.02.25"]
[Round "8"]
[White "Pucher Olivier (FRA)"]
[Black "Cioara Andrei Nestor (ROM)"]
[Result "0-1"]
[WhiteElo "2306"]
[BlackElo "2419"]

1.d4 Nf6 2.c4 e6 3.Nc3 Bb4 4.e3 b6 5.Ne2 Ba6 6.a3 Be7 7.Nf4 d5 8.cxd5 Bxf1
9.dxe6 Ba6 10.exf7+ Kxf7 11.e4 c5 12.Be3 g5 13.Nh3 h6 14.e5 cxd4 15.exf6 Bxf6
16.Qh5+ Kg7 17.O-O-O Nc6 18.Ne4 Qc8 19.Nd6 Qe6 20.Bf4 Be2 21.Rde1 Bxh5 22.Rxe6
gxf4 23.Nxf4 Bg4 24.Rhe1 Bxe6 25.Rxe6 Bg5 26.Nf5+ Kh7 27.g3 Rhf8 {#R} 0-1

[Event "It (open)"]
[Site "masterchessopen.com Hyderabad (India)"]
[Date "2006.02.27"]
[Round "3"]
[White "Joshi Nikhil C (IND)"]
[Black "Harika Dronavalli (IND)"]
[Result "0-1"]
[WhiteElo "2130"]
[BlackElo "2353"]

1.d4 Nf6 2.c4 e6 3.Nc3 Bb4 4.e3 b6 5.Ne2 Ba6 6.a3 Bxc3+ 7.Nxc3 d5 8.b3 O-O
9.Be2 dxc4 10.bxc4 Nc6 11.Bf3 Qd7 12.Qa4 Bb7 13.c5 Rab8 14.Ne4 Nxe4 15.Bxe4
bxc5 16.dxc5 Rfd8 17.Rb1 Ba6 18.Rxb8 Nxb8 19.Qc2 Bb5 20.Bf3 Na6 21.h4 Qe7
22.Be2 Bxe2 23.Kxe2 Qxc5 24.Qxc5 Nxc5 25.Bb2 Ne4 26.Be5 Rd2+ 27.Kf3 f5 28.Bg3
e5 29.Rb1 {#R} 0-1

[Event "Ch Latvia"]
[Site "masterchessopen.com Riga (Latvia)"]
[Date "2006.03.01"]
[Round "2"]
[White "Daskevics Vadims (LAT)"]
[Black "Kengis Edvins (LAT)"]
[Result "1-0"]
[WhiteElo "2347"]
[BlackElo "2543"]

1.d4 Nf6 2.c4 e6 3.Nc3 Bb4 4.e3 b6 5.Ne2 Ba6 6.Ng3 c5 7.d5 O-O 8.f3 d6 9.e4
exd5 10.cxd5 Bxf1 11.Rxf1 Nbd7 12.Kf2 Ne5 13.Kg1 c4 14.Bg5 h6 15.Be3 Nd3
16.Qd2 Nd7 17.Nf5 Qf6 18.Kh1 Bc5 19.b3 Rfc8 20.Nb5 Bb4 21.Qe2 a6 22.Nbd4 Bc3
23.Rab1 b5 24.bxc4 bxc4 25.Qc2 Bb4 26.Nc6 Bc5 27.Bxc5 N7xc5 28.Nfe7+ Kh7
29.Nxc8 Rxc8 30.Qxc4 Qg5 31.Qc2 Qe3 32.Rbd1 g6 33.Qd2 Qg5 34.Qxg5 hxg5 35.Rd2
f6 36.Rb1 g4 37.Kg1 gxf3 38.gxf3 Kh6 39.Rb8 Rc7 40.h4 g5 41.Rg2 Nf4 42.hxg5+
fxg5 43.Rh2+ {#r} 1-0

[Event "Ch England (team) 2005/06 (4 div)"]
[Site "masterchessopen.com England"]
[Date "2006.05.27"]
[Round "9"]
[White "Truman Richard G (ENG)"]
[Black "Punnett Alan Kenneth (ENG)"]
[Result "1-0"]
[WhiteElo "2027"]
[BlackElo "2107"]

1.d4 Nf6 2.c4 e6 3.Nc3 Bb4 4.e3 b6 5.Ne2 Ba6 6.a3 Be7 7.Nf4 c5 8.d5 e5 9.Nh5
d6 10.Nxg7+ Kf8 11.Nf5 Qd7 12.Qf3 Rg8 13.e4 Bb7 14.Bh6+ Ke8 15.Bg7 Rxg7
16.Nxg7+ Kd8 17.Nf5 Na6 18.Nb5 Ne8 19.Qh5 Bf8 20.g3 Nac7 21.Nxc7 Kxc7 22.Bh3
Nf6 23.Qh4 Qd8 24.O-O Bc8 25.f4 Nxe4 26.Qxh7 Qf6 27.fxe5 dxe5 28.Nd4 Qh6
29.Rxf7+ Kb8 30.Qxh6 Bxh6 31.Nc6# 1-0

[Event "It \"]
[Site "masterchessopen.com Philadelphia (USA)"]
[Date "2006.06.29"]
[Round "2"]
[White "Collier Philip M (USA)"]
[Black "Ly Moulthun (AUS)"]
[Result "0-1"]
[WhiteElo "2103"]
[BlackElo "2274"]

1.d4 Nf6 2.c4 e6 3.Nc3 Bb4 4.e3 b6 5.Ne2 Ba6 6.a3 Bxc3+ 7.Nxc3 d5 8.cxd5 Bxf1
9.Kxf1 exd5 10.Qe2 O-O 11.f3 Re8 12.Kf2 c5 13.Rd1 cxd4 14.Rxd4 Nc6 15.Rd1 Qd6
16.Kg1 Rad8 17.b4 Qe5 18.Rd3 d4 19.Nd1 Nd5 20.e4 f5 21.Nf2 Nc3 22.Qc2 fxe4
23.Nxe4 Nxe4 24.Qxc6 Nc5 25.Rd1 d3 26.Bd2 Rd6 27.Qb5 Qd4+ 28.Kf1 a6 29.Qxb6
Rxb6 30.bxc5 Qxc5 31.Rac1 Qd6 32.Ba5 Qe6 33.Bxb6 Qxb6 {#R} 0-1

[Event "It \"]
[Site "masterchessopen.com Philadelphia (USA)"]
[Date "2006.06.29"]
[Round "2"]
[White "Francisco Richard (USA)"]
[Black "Ippolito Dean (USA)"]
[Result "0-1"]
[WhiteElo "2228"]
[BlackElo "2397"]

1.d4 Nf6 2.c4 e6 3.Nc3 Bb4 4.e3 b6 5.Ne2 Ba6 6.a3 Bxc3+ 7.Nxc3 d5 8.Qf3 O-O
9.g4 c6 10.b3 Nbd7 11.Bb2 Ne8 12.a4 dxc4 13.bxc4 Nd6 14.Ba3 c5 15.Qf4 Qe7
16.Rd1 Rfd8 17.Nb5 Bb7 18.f3 e5 19.dxe5 Nxe5 20.Be2 Nxb5 21.axb5 Ng6 {#R} 0-1

[Event "Tournament (Elo)"]
[Site "masterchessopen.com Lubawka (Poland)"]
[Date "2006.07.08"]
[Round "1"]
[White "Lagowski Patryk (POL)"]
[Black "Rychlik Hanna (POL)"]
[Result "1-0"]
[WhiteElo "2362"]
[BlackElo "2032"]

1.d4 Nf6 2.c4 e6 3.Nc3 Bb4 4.e3 b6 5.Ne2 Ba6 6.a3 Bxc3+ 7.Nxc3 d5 8.Qf3 Bb7
9.Be2 O-O 10.O-O Ne4 11.Nxe4 dxe4 12.Qg3 Qd6 13.Qxd6 cxd6 14.Bd2 Nc6 15.b4
Rac8 16.Rfc1 e5 17.b5 Nb8 18.Bb4 exd4 19.exd4 Rfd8 20.a4 a5 21.Ba3 f5 22.g3
Kf7 23.d5 Ke7 24.f3 exf3 25.Bxf3 Kd7 26.g4 g6 27.Ra2 Re8 28.gxf5 gxf5 29.Re2
Rxe2 30.Bxe2 Re8 31.Bd3 Rg8+ 32.Kf2 Kc7 33.Re1 Rg7 34.Re6 Nd7 35.Bxd6+ Kd8
36.Ba3 Rf7 37.Bc2 Rg7 38.h3 f4 39.Bc1 Rg3 40.Bxf4 Rxh3 41.Bf5 Rh5 42.Bg4 Bxd5
43.Rd6 {#r} 1-0

[Event "Tournament (Elo)"]
[Site "masterchessopen.com Lubawka (Poland)"]
[Date "2006.07.10"]
[Round "3"]
[White "Hajnrych Jakub (POL)"]
[Black "Rychlik Hanna (POL)"]
[Result "0-1"]
[WhiteElo "1955"]
[BlackElo "2032"]

1.d4 Nf6 2.c4 e6 3.Nc3 Bb4 4.e3 b6 5.Ne2 Ba6 6.a3 Bxc3+ 7.Nxc3 d5 8.Qa4+ c6
9.cxd5 Bxf1 10.Kxf1 exd5 11.Ke2 Qc7 12.b4 O-O 13.Bd2 Re8 14.g3 Qd7 15.h3 Qe6
16.Qc2 Nbd7 17.Rac1 Rac8 18.Qd3 c5 19.bxc5 bxc5 20.Na4 c4 21.Qc2 Ne4 22.Nc3
Ndf6 23.g4 Nxc3+ 24.Bxc3 Ne4 25.Kf3 f5 26.Rcg1 Rf8 27.g5 f4 28.Ke2 Rb8 29.Bb4
Rfe8 30.Rh2 Qf5 31.Qc1 f3+ 32.Kd1 a5 33.g6 h5 {#R} 0-1

[Event "Ch Great Britain"]
[Site "masterchessopen.com Swansea (Wales)"]
[Date "2006.08.09"]
[Round "3"]
[White "Poobalasingam Peter (ENG)"]
[Black "Briscoe Christopher (ENG)"]
[Result "1-0"]
[WhiteElo "2077"]
[BlackElo "2121"]

1.d4 Nf6 2.c4 e6 3.Nc3 Bb4 4.e3 b6 5.Ne2 Ba6 6.a3 Bxc3+ 7.Nxc3 d5 8.Qf3 O-O
9.g4 c6 10.b3 Ne8 11.a4 Nd6 12.Ba3 Re8 13.Qg3 Nc8 14.Bd3 Nd7 15.Qh3 g6 16.f4
Nf8 17.O-O-O Rb8 18.f5 dxc4 19.bxc4 Nd6 20.f6 c5 21.Rhf1 Nd7 22.e4 e5 23.Nd5
Re6 24.dxe5 Nxe5 25.Be2 Kh8 26.Bb2 Bxc4 27.Nf4 Qd7 28.Bxc4 Nexc4 29.Qh6 Rg8
30.Rf3 Re5 31.Bxe5 Qxg4 32.Rh3 {#r} 1-0